[Event "Druga liga CS - Zapad 2018"]
[Site "?"]
[Date "2018.09.08"]
[Round "3.1"]
[White "Tomic, Aleksandar"]
[Black "Kolognat, Petar"]
[Result "1-0"]
[WhiteElo "2293"]
[BlackElo "2329"]
[PlyCount "113"]
[EventDate "2018.09.07"]
[WhiteTeam "ARANDJELOVACKI SK - Arandjelovac"]
[BlackTeam "KRUPANJSKI SK - Krupanj"]

1. Nf3 d5 2. c4 c6 3. d4 Nf6 4. Qb3 e6 5. Nc3 Ne4 6. e3 f5 7. Bd3 Bd6 8. cxd5
exd5 9. O-O Qe7 10. Ne1 O-O 11. f4 Nd7 12. Nf3 Ndf6 13. Ne5 Be6 14. Nxe4 fxe4
15. Be2 c5 16. Bd2 c4 17. Qd1 Nd7 18. g4 Bf7 19. Kh1 Nxe5 20. dxe5 Bc5 21. Qe1
g5 22. Bd1 gxf4 23. exf4 Rad8 24. Bc2 b5 25. h3 b4 26. Kh2 a5 27. Qg3 Bd4 28.
Rab1 Rc8 29. Be3 Bxe3 30. Qxe3 Qc5 31. Qxc5 Rxc5 32. f5 d4 33. e6 d3 34. exf7+
Kxf7 35. Rbc1 Rfc8 36. Rfd1 Kf6 37. Bb1 e3 38. Kg3 d2 39. Rc2 e2 40. Rcxd2
exd1=Q 41. Rxd1 c3 42. bxc3 Rxc3+ 43. Kh4 Rc1 44. Rd6+ Ke5 45. Re6+ Kf4 46. Bd3
a4 47. Re4+ Kf3 48. Rxb4 a3 49. f6 h6 50. Kh5 Rf8 51. Kg6 Ke3 52. Bc4 Kd4 53.
Bb3+ Kc5 54. Rf4 Kd6 55. Kg7 Rcc8 56. h4 Rh8 57. f7 1-0

[Event "Druga liga CS - Zapad 2018"]
[Site "?"]
[Date "2018.09.08"]
[Round "3.1"]
[White "Vlajkovic, Stanko"]
[Black "Ljubinkovic, Miodrag"]
[Result "1-0"]
[WhiteElo "2224"]
[BlackElo "2222"]
[PlyCount "107"]
[EventDate "2018.09.07"]
[WhiteTeam "ARANDJELOVACKI SK - Arandjelovac"]
[BlackTeam "KRUPANJSKI SK - Krupanj"]

1. Nf3 c6 2. g3 d5 3. Bg2 Nf6 4. O-O Bf5 5. d3 e6 6. Nbd2 Bc5 7. Qe1 O-O 8. e4
dxe4 9. dxe4 Bg6 10. Qe2 Nbd7 11. e5 Nd5 12. Ne4 Be7 13. c4 N5b6 14. Rd1 Qc7
15. Bf4 Bxe4 16. Qxe4 Nc5 17. Qc2 Rad8 18. b4 Na6 19. a3 Rxd1+ 20. Rxd1 Rd8 21.
Bf1 Rxd1 22. Qxd1 Qd7 23. Bd3 Qd8 24. Qe2 Nc7 25. Qe4 g6 26. h4 Ne8 27. Bg5 Ng7
28. Qe3 Nf5 29. Bxf5 Bxg5 30. hxg5 gxf5 31. Nd2 Nc8 32. Kf1 b6 33. Ke2 Kg7 34.
Nb3 Ne7 35. f4 Qc8 36. Qd3 a6 37. Qd6 Qb7 38. c5 Nd5 39. cxb6 Qxb6 40. Qc5 Qc7
41. Nd4 Ne7 42. Nb3 Qd7 43. Qd6 Qa7 44. Nc5 a5 45. bxa5 Nd5 46. Kf3 Qxa5 47.
Nd7 Qa8 48. Qc5 Qc8 49. Qd6 Qa8 50. Qc5 Qc8 51. Qd6 c5 52. Nxc5 Qa8 53. Kf2
Qxa3 54. Nxe6+ 1-0

[Event "Druga liga CS - Zapad 2018"]
[Site "?"]
[Date "2018.09.08"]
[Round "3.1"]
[White "Djuric, Zoran"]
[Black "Cirakovic, Ivan"]
[Result "1/2-1/2"]
[WhiteElo "2248"]
[BlackElo "2157"]
[PlyCount "112"]
[EventDate "2018.09.07"]
[WhiteTeam "KRUPANJSKI SK - Krupanj"]
[BlackTeam "ARANDJELOVACKI SK - Arandjelovac"]

1. e4 c5 2. c3 d5 3. exd5 Qxd5 4. d4 e6 5. Nf3 Nc6 6. Be3 cxd4 7. Bxd4 Nf6 8.
Be2 Nxd4 9. Qxd4 a6 10. Nbd2 Bc5 11. Qxd5 Nxd5 12. Ne4 Be7 13. Bc4 Nf6 14. Nfd2
b5 15. Be2 Bb7 16. Bf3 Rb8 17. Nxf6+ Bxf6 18. Bxb7 Rxb7 19. Nb3 Ke7 20. a3 Ra8
21. Na5 Rc7 22. O-O-O Rb8 23. Kb1 Rb6 24. Rd3 Rd7 25. Rhd1 Rxd3 26. Rxd3 Rd6
27. Kc2 Kd7 28. Rh3 h6 29. b4 Kc7 30. Rd3 Be5 31. h3 f5 32. Nb3 Rxd3 33. Kxd3
Bd6 34. c4 bxc4+ 35. Kxc4 Kc6 36. Na5+ Kb6 37. Nb3 Kc6 38. Nd4+ Kd7 39. a4 Bb8
40. Nb3 Ba7 41. Nc5+ Kd6 42. Nxa6 Bxf2 43. a5 g5 44. b5 g4 45. b6 h5 46. b7 Ba7
47. b8=Q+ Bxb8 48. Nxb8 f4 49. hxg4 hxg4 50. Kd3 e5 51. a6 Kc7 52. a7 Kb7 53.
Nc6 e4+ 54. Kxe4 f3 55. gxf3 gxf3 56. Kxf3 Ka8 1/2-1/2

[Event "Druga liga CS - Zapad 2018"]
[Site "?"]
[Date "2018.09.08"]
[Round "3.1"]
[White "Lekic, Miodrag"]
[Black "Isailovic, Goran"]
[Result "0-1"]
[WhiteElo "2208"]
[BlackElo "2189"]
[PlyCount "76"]
[EventDate "2018.09.07"]
[WhiteTeam "ARANDJELOVACKI SK - Arandjelovac"]
[BlackTeam "KRUPANJSKI SK - Krupanj"]

1. d4 Nf6 2. Nf3 g6 3. b3 Bg7 4. Bb2 O-O 5. g3 d6 6. Bg2 Nbd7 7. O-O c5 8. d5
b5 9. c4 bxc4 10. bxc4 Nb6 11. Nbd2 Bd7 12. Qc2 Na4 13. Rab1 Nxb2 14. Rxb2 Qa5
15. Rb7 Rab8 16. Rfb1 Rxb7 17. Rxb7 Qa6 18. Qb3 h6 19. e4 Ba4 20. Qb1 Bc2 21.
Qb5 Qxa2 22. Rxe7 Qa1+ 23. Bf1 Ng4 24. h3 Ne5 25. Kg2 Qc3 26. Be2 a5 27. Qa6 a4
28. Qxd6 Nxf3 29. Bxf3 Qxd2 30. e5 Qc3 31. Qxc5 Bxe5 32. d6 Bd4 33. Qd5 Bf6 34.
Qc6 Qb4 35. Rb7 Qd2 36. Bd5 Qe2 37. Re7 Bxe7 38. dxe7 Qxe7 0-1

[Event "Druga liga CS - Zapad 2018"]
[Site "?"]
[Date "2018.09.08"]
[Round "3.1"]
[White "Nedeljkovic, Milivoje"]
[Black "Ivanovic, Lazar"]
[Result "0-1"]
[WhiteElo "2027"]
[BlackElo "2076"]
[PlyCount "84"]
[EventDate "2018.09.07"]
[WhiteTeam "KRUPANJSKI SK - Krupanj"]
[BlackTeam "ARANDJELOVACKI SK - Arandjelovac"]

1. e4 c5 2. c3 g6 3. d4 cxd4 4. cxd4 d5 5. e5 Bg7 6. h3 Nh6 7. Nf3 O-O 8. Be2
Nc6 9. O-O f6 10. exf6 exf6 11. Nc3 Nf5 12. Bf4 a6 13. Rc1 Be6 14. Na4 Re8 15.
Nc5 Qb6 16. g4 Nh6 17. Na4 Qd8 18. b4 f5 19. g5 Nf7 20. b5 axb5 21. Bxb5 Bd7
22. Nc5 Ra3 23. Nxb7 Qb6 24. Bxc6 Bxc6 25. Nc5 Bb5 26. Re1 Rxe1+ 27. Nxe1 Nd6
28. Ne6 Nc4 29. Nxg7 Kxg7 30. Qe2 Kf7 31. Rb1 Qa6 32. Nf3 Rxa2 33. Ne5+ Kg8 34.
Qd3 Bc6 35. Nxc4 dxc4 36. Qe3 Be4 37. Rc1 Ra3 38. Rc3 Ra1+ 39. Kh2 Rh1+ 40. Kg3
Qa1 41. f3 Qf1 42. Be5 Qxh3+ 0-1

[Event "Druga liga CS - Zapad 2018"]
[Site "?"]
[Date "2018.09.08"]
[Round "3.1"]
[White "Lojovic, Matija"]
[Black "Radovanovic, Zoran S"]
[Result "1-0"]
[WhiteElo "2129"]
[BlackElo "1919"]
[PlyCount "69"]
[EventDate "2018.09.07"]
[WhiteTeam "ARANDJELOVACKI SK - Arandjelovac"]
[BlackTeam "KRUPANJSKI SK - Krupanj"]

1. d4 Nf6 2. Nf3 g6 3. Bf4 c5 4. e3 Bg7 5. c3 Qb6 6. Na3 cxd4 7. Nc4 Qd8 8.
exd4 O-O 9. Be2 d6 10. h3 Bf5 11. O-O Nd5 12. Bg3 Nd7 13. Nfd2 N7f6 14. Re1 Qc8
15. Bf3 Re8 16. Qb3 Be6 17. Qa4 Bh6 18. Ne3 Nf4 19. Ne4 N6h5 20. Ng4 Bg7 21.
Ng5 Bd5 22. Bxd5 Nxd5 23. Qb3 Qf5 24. Ne4 Nhf4 25. c4 Nb6 26. Qe3 Ne6 27. d5
Nxc4 28. Qb3 Qxd5 29. Nc3 Qc6 30. Rac1 Rec8 31. Nb5 Nd4 32. Nxd4 Bxd4 33. Bxd6
h5 34. Be5 Qc5 35. Re4 1-0

[Event "Druga liga CS - Zapad 2018"]
[Site "?"]
[Date "2018.09.08"]
[Round "3.1"]
[White "Sujdovic, Ivan"]
[Black "Todorovic, Kosta"]
[Result "0-1"]
[WhiteElo "1792"]
[BlackElo "1983"]
[PlyCount "76"]
[EventDate "2018.09.07"]
[WhiteTeam "KRUPANJSKI SK - Krupanj"]
[BlackTeam "ARANDJELOVACKI SK - Arandjelovac"]

1. d4 Nf6 2. Nf3 d6 3. e3 g6 4. Bd3 Bg7 5. c4 O-O 6. O-O Nbd7 7. b3 e5 8. Nbd2
Re8 9. Qc2 Qe7 10. Ne1 Ng4 11. Bb2 f5 12. Be2 exd4 13. Bxg4 dxe3 14. fxe3 Qxe3+
15. Kh1 fxg4 16. Bxg7 Kxg7 17. Nd3 Qd4 18. Rad1 Ne5 19. Nf2 Bf5 20. Qc1 Nd3 21.
Nxd3 Bxd3 22. Nb1 Re3 23. Na3 Qe5 24. Nc2 Bxc2 25. Qxc2 Re2 26. Qb1 Re8 27. Qc1
g3 28. h3 Qe4 29. Qc3+ Qe5 30. Qc1 h5 31. a3 Qb2 32. Qxb2+ Rxb2 33. Rd3 h4 34.
Rdf3 Ree2 35. Rf7+ Kh6 36. Rg1 Rxb3 37. Rxc7 a5 38. Rd1 Rbe3 0-1

[Event "Druga liga CS - Zapad 2018"]
[Site "?"]
[Date "2018.09.08"]
[Round "3.2"]
[White "Vujic, Mihailo"]
[Black "Stojanovic, Marko"]
[Result "0-1"]
[WhiteElo "2327"]
[BlackElo "2263"]
[PlyCount "96"]
[EventDate "2018.09.07"]
[WhiteTeam "LOZNICA GRAD - Loznica"]
[BlackTeam "SLOGA - Lipnicki sor"]

1. e4 e5 2. Nc3 Nc6 3. Nf3 Nf6 4. d4 exd4 5. Nd5 Nxd5 6. exd5 Bb4+ 7. Bd2 Qe7+
8. Be2 d3 9. cxd3 Bxd2+ 10. Qxd2 Nb4 11. Qc3 O-O 12. d6 Qxd6 13. O-O Nd5 14.
Qc2 Nf4 15. Rfe1 b6 16. Rac1 Bb7 17. Qxc7 Qxc7 18. Rxc7 Bc6 19. Ne5 Ne6 20.
Rxc6 dxc6 21. Nxc6 Rfe8 22. Bf3 Kf8 23. Kf1 Ng5 24. Bd5 Rxe1+ 25. Kxe1 a6 26.
Kd2 Rc8 27. h4 Ne6 28. d4 Nxd4 29. Nxd4 Rd8 30. Bxf7 Rxd4+ 31. Kc3 Rxh4 32. Bc4
b5 33. Bd5 a5 34. f3 Ke7 35. Be4 Kd6 36. b4 a4 37. Bd3 Rh2 38. Bf1 h5 39. Kd4
Rh4+ 40. Kc3 Kc6 41. Bd3 g5 42. Be4+ Kd6 43. Bd3 Rh2 44. Bf1 Ke5 45. a3 h4 46.
Bxb5 Rxg2 47. Bxa4 h3 48. Bc6 Kf4 0-1

[Event "Druga liga CS - Zapad 2018"]
[Site "?"]
[Date "2018.09.08"]
[Round "3.2"]
[White "Ristanovic, Miroslav"]
[Black "Savic, Petar A"]
[Result "1/2-1/2"]
[WhiteElo "2199"]
[BlackElo "2104"]
[PlyCount "24"]
[EventDate "2018.09.07"]
[WhiteTeam "LOZNICA GRAD - Loznica"]
[BlackTeam "SLOGA - Lipnicki sor"]

1. d4 Nf6 2. c4 d6 3. Nf3 Nbd7 4. g3 e5 5. Bg2 Be7 6. O-O O-O 7. Nc3 Re8 8. b3
c6 9. e4 Qc7 10. Bb2 Bf8 11. Re1 g6 12. h3 Bg7 1/2-1/2

[Event "Druga liga CS - Zapad 2018"]
[Site "?"]
[Date "2018.09.08"]
[Round "3.2"]
[White "Rikalovic, Milan"]
[Black "Markovic, Dragan P"]
[Result "0-1"]
[WhiteElo "2047"]
[BlackElo "2206"]
[PlyCount "77"]
[EventDate "2018.09.07"]
[WhiteTeam "SLOGA - Lipnicki sor"]
[BlackTeam "LOZNICA GRAD - Loznica"]

1. e4 c6 2. f4 d5 3. e5 Bf5 4. Nf3 e6 5. d4 h5 6. Bd3 Nh6 7. O-O Qb6 8. c3 Be7
9. a4 c5 10. a5 Qc7 11. h3 a6 12. Be3 Bxd3 13. Qxd3 c4 14. Qc2 Nc6 15. Qa4 Bd8
16. Nbd2 Qxa5 17. Qc2 Qc7 18. Nh2 Nf5 19. Bf2 h4 20. Ng4 Rc8 21. Ne3 Nxe3 22.
Bxe3 Ne7 23. Nf3 Nf5 24. Bf2 Be7 25. Ra2 Qd7 26. Rb1 O-O 27. Qd2 Rc6 28. Qe1
Qd8 29. Rba1 Rb6 30. Kh2 g6 31. Rb1 Rb5 32. Rba1 Kg7 33. Qd1 Qb6 34. Qc1 Re8
35. Nd2 Qc7 36. Nb1 Rb6 37. Nd2 Rc6 38. Nf3 Qd8 39. Qe1 0-1

[Event "Druga liga CS - Zapad 2018"]
[Site "?"]
[Date "2018.09.08"]
[Round "3.2"]
[White "Milovanovic, Nenad"]
[Black "Jakovljevic, Ljubomir"]
[Result "1-0"]
[WhiteElo "2147"]
[BlackElo "1905"]
[PlyCount "91"]
[EventDate "2018.09.07"]
[WhiteTeam "LOZNICA GRAD - Loznica"]
[BlackTeam "SLOGA - Lipnicki sor"]

1. e4 e6 2. d3 c5 3. Nf3 Nc6 4. g3 Nge7 5. Bg2 Ng6 6. O-O Be7 7. Nbd2 d5 8. Re1
O-O 9. h4 Re8 10. h5 Nf8 11. c3 b6 12. e5 Qc7 13. Nf1 Bb7 14. Bf4 Rad8 15. N1h2
Qc8 16. h6 Ng6 17. hxg7 Nxf4 18. gxf4 Kxg7 19. Ng5 h6 20. Nxf7 Kxf7 21. Qh5+
Kg7 22. Re3 Rg8 23. Rg3+ Kh7 24. Ng4 Rxg4 25. Qf7+ Kh8 26. Rxg4 Rg8 27. Bh3 Qf8
28. Rxg8+ Qxg8+ 29. Qxg8+ Kxg8 30. Bxe6+ Kg7 31. Bxd5 Nd8 32. Bxb7 Nxb7 33. f5
Bg5 34. Kg2 Kf7 35. Kf3 Na5 36. Ke4 Nc6 37. f4 Be7 38. Kd5 Nd8 39. d4 Bf8 40.
Ke4 c4 41. d5 Bc5 42. Rh1 Kg7 43. d6 Nf7 44. Kd5 Be3 45. Rh4 Kf8 46. e6 1-0

[Event "Druga liga CS - Zapad 2018"]
[Site "?"]
[Date "2018.09.08"]
[Round "3.2"]
[White "Acimovic, Radivoje"]
[Black "Osatovic, Aleksandar"]
[Result "1/2-1/2"]
[WhiteElo "1985"]
[BlackElo "2169"]
[PlyCount "74"]
[EventDate "2018.09.07"]
[WhiteTeam "SLOGA - Lipnicki sor"]
[BlackTeam "LOZNICA GRAD - Loznica"]

1. e4 d6 2. d4 Nf6 3. Nc3 g6 4. Be3 Bg7 5. f3 c6 6. Qd2 Qc7 7. g4 h5 8. g5 Nfd7
9. f4 Nb6 10. O-O-O Bg4 11. Re1 d5 12. h3 Be6 13. Qf2 dxe4 14. Nxe4 N8d7 15.
Nf3 Nd5 16. Ne5 Bxe5 17. fxe5 Nxe3 18. Qxe3 Qa5 19. Nc3 Nb6 20. a3 O-O-O 21.
Rh2 Rd7 22. Rd2 Rhd8 23. Red1 Kb8 24. Be2 c5 25. dxc5 Rxd2 26. Rxd2 Rxd2 27.
Kxd2 Nd5 28. Qd4 Nxc3 29. Qxc3 Qxc3+ 30. Kxc3 Bxh3 31. Bf3 Kc7 32. Kd4 a5 33.
b4 Bd7 34. c4 axb4 35. axb4 Bc6 36. Bd5 e6 37. Bxc6 bxc6 1/2-1/2

[Event "Druga liga CS - Zapad 2018"]
[Site "?"]
[Date "2018.09.08"]
[Round "3.2"]
[White "Simic, Goran S"]
[Black "Glisic, Luka"]
[Result "1-0"]
[WhiteElo "2068"]
[BlackElo "1435"]
[PlyCount "79"]
[EventDate "2018.09.07"]
[WhiteTeam "LOZNICA GRAD - Loznica"]
[BlackTeam "SLOGA - Lipnicki sor"]

1. d4 Nf6 2. Nf3 e6 3. e3 d5 4. Bd3 c5 5. b3 Nc6 6. Bb2 Be7 7. a3 O-O 8. O-O b6
9. Nbd2 Bb7 10. Qe2 Qc7 11. Rac1 Rfe8 12. c4 Qd8 13. dxc5 dxc4 14. Nxc4 Bxc5
15. Rfd1 Qe7 16. b4 b5 17. Nce5 Nxe5 18. Nxe5 Bb6 19. Bxb5 Rec8 20. Nc6 Bxc6
21. Bxc6 Rab8 22. h3 h6 23. Bf3 Rxc1 24. Rxc1 a5 25. Qc4 Ba7 26. Qc7 Qxc7 27.
Rxc7 Bb6 28. Rb7 Rxb7 29. Bxb7 Kf8 30. Kf1 Ke7 31. Ke2 g6 32. Kd3 Nd7 33. Kc4
axb4 34. axb4 Kd6 35. Kb5 Bc7 36. Bf3 Ne5 37. Bxe5+ Kxe5 38. Kc6 Bb8 39. b5 Kf6
40. b6 1-0

[Event "Druga liga CS - Zapad 2018"]
[Site "?"]
[Date "2018.09.08"]
[Round "3.3"]
[White "Dimitrijevic, Milorad"]
[Black "Jovanovic, Bojan V"]
[Result "1/2-1/2"]
[WhiteElo "2229"]
[BlackElo "2277"]
[PlyCount "24"]
[EventDate "2018.09.07"]
[WhiteTeam "BAJINA BASTA - Bajina basta"]
[BlackTeam "SMEDEREVSKI SK - Smederevo"]

1. e4 c5 2. Nf3 Nc6 3. c4 e5 4. Nc3 d6 5. Be2 Nf6 6. O-O Be7 7. h3 O-O 8. d3
Ne8 9. Nh2 Bg5 10. Bg4 Bxc1 11. Qxc1 Nc7 12. Bxc8 Rxc8 1/2-1/2

[Event "Druga liga CS - Zapad 2018"]
[Site "?"]
[Date "2018.09.08"]
[Round "3.3"]
[White "Skakic, Zeljko"]
[Black "Kurcubic, Jelenko"]
[Result "1-0"]
[WhiteElo "2249"]
[BlackElo "2094"]
[PlyCount "101"]
[EventDate "2018.09.07"]
[WhiteTeam "SMEDEREVSKI SK - Smederevo"]
[BlackTeam "BAJINA BASTA - Bajina basta"]

1. d4 d5 2. c4 c6 3. cxd5 cxd5 4. Nc3 Nf6 5. Bf4 Nc6 6. e3 a6 7. Bd3 Bg4 8. f3
Bd7 9. Nge2 e6 10. O-O Nh5 11. Rc1 g5 12. Bg3 Nxg3 13. hxg3 h5 14. Na4 h4 15.
g4 Bd6 16. Nc5 Bc8 17. Qa4 Qa5 18. Qxa5 Nxa5 19. e4 b6 20. Na4 Bb7 21. Nxb6 Rd8
22. e5 Bb8 23. Na4 Ba7 24. Nc5 Bxc5 25. Rxc5 Nc6 26. Rfc1 Kd7 27. Bc2 Rc8 28.
Ba4 Rc7 29. b4 Rhc8 30. Kf2 Kd8 31. a3 Na7 32. Rxc7 Rxc7 33. Rxc7 Kxc7 34. Be8
Kd8 35. Bxf7 Ke7 36. Bg6 Nb5 37. a4 Na3 38. Bd3 Kd7 39. Nc3 Kc7 40. Kg1 Bc8 41.
Kf1 Kb6 42. f4 gxf4 43. g5 Bd7 44. g6 Be8 45. g7 Bf7 46. Bh7 Nc4 47. g8=Q Bxg8
48. Bxg8 Ne3+ 49. Kg1 Nf5 50. Bxe6 Nxd4 51. Nxd5+ 1-0

[Event "Druga liga CS - Zapad 2018"]
[Site "?"]
[Date "2018.09.08"]
[Round "3.3"]
[White "Minic, Miroslav"]
[Black "Stankovic, Dragan B"]
[Result "0-1"]
[WhiteElo "2078"]
[BlackElo "2229"]
[PlyCount "56"]
[EventDate "2018.09.07"]
[WhiteTeam "BAJINA BASTA - Bajina basta"]
[BlackTeam "SMEDEREVSKI SK - Smederevo"]

1. e4 e5 2. Nc3 Nc6 3. Bc4 Nf6 4. d3 h6 5. Nge2 Bc5 6. h3 d6 7. Na4 Bb6 8. Nxb6
axb6 9. Be3 d5 10. exd5 Nxd5 11. Nc3 Nxe3 12. fxe3 Qh4+ 13. Kd2 O-O 14. Qf3 Be6
15. Bb3 Bxb3 16. axb3 Rxa1 17. Rxa1 f5 18. Nd5 f4 19. e4 Nd4 20. Qf1 f3 21. g4
Qg5+ 22. Kd1 f2 23. Ra4 c6 24. Nxb6 Qe3 25. Nc4 Qf3+ 26. Kd2 b5 27. Nxe5 Qf4+
28. Kc3 Ne2+ 0-1

[Event "Druga liga CS - Zapad 2018"]
[Site "?"]
[Date "2018.09.08"]
[Round "3.3"]
[White "Mikluc, Davorin"]
[Black "Jelisavcic, Srdjan"]
[Result "0-1"]
[WhiteElo "2154"]
[BlackElo "2077"]
[PlyCount "106"]
[EventDate "2018.09.07"]
[WhiteTeam "SMEDEREVSKI SK - Smederevo"]
[BlackTeam "BAJINA BASTA - Bajina basta"]

1. e4 e5 2. Nf3 Nc6 3. Bb5 a6 4. Ba4 Nf6 5. O-O b5 6. Bb3 Be7 7. Re1 Bb7 8. c3
d5 9. d4 Nxe4 10. dxe5 Na5 11. Bc2 Nc4 12. b3 Nb6 13. Qd3 Nc5 14. Qf5 Bc8 15.
Qh5 Ne6 16. Nd4 g6 17. Nxe6 Bxe6 18. Qh6 Qd7 19. Be3 Bf8 20. Qf4 Bg7 21. Nd2
O-O 22. Bc5 Rfe8 23. Nf3 Qc6 24. Bd4 Nd7 25. Rac1 Nf8 26. Bd3 Qd7 27. h3 Qe7
28. b4 Bd7 29. Qd2 Ne6 30. Be3 c5 31. Bb1 Bc6 32. bxc5 Bb7 33. Nd4 Nxc5 34. Bg5
Qf8 35. Rcd1 Rxe5 36. f4 Rxe1+ 37. Rxe1 Ne4 38. Bxe4 dxe4 39. f5 Qd6 40. Qf2
Be5 41. Re3 b4 42. Qh4 bxc3 43. Ne2 Qd1+ 44. Kf2 Qd6 45. Be7 Qb6 46. f6 c2 47.
Qg5 Qe6 48. g4 h6 49. Qh4 Kh7 50. g5 h5 51. Ba3 Qf5+ 52. Kg2 Rd8 53. Ng3 Qf4
0-1

[Event "Druga liga CS - Zapad 2018"]
[Site "?"]
[Date "2018.09.08"]
[Round "3.3"]
[White "Mijanovic, Dragan"]
[Black "Strakos, Dalibor"]
[Result "0-1"]
[WhiteElo "2040"]
[BlackElo "2193"]
[PlyCount "80"]
[EventDate "2018.09.07"]
[WhiteTeam "BAJINA BASTA - Bajina basta"]
[BlackTeam "SMEDEREVSKI SK - Smederevo"]

1. d4 d5 2. Nf3 c6 3. b3 Bf5 4. e3 e6 5. Be2 Nf6 6. O-O Bd6 7. Bb2 Nbd7 8. Ne5
Qc7 9. f4 c5 10. g4 Be4 11. g5 Bxe5 12. dxe5 Ng8 13. Nd2 Bf5 14. c4 Ne7 15. Bf3
Bd3 16. Rf2 Nb6 17. Rc1 Rd8 18. Qe1 dxc4 19. bxc4 h6 20. h4 hxg5 21. hxg5 Bg6
22. Ne4 Bxe4 23. Bxe4 Nbc8 24. Bc3 g6 25. Rd1 Rxd1 26. Qxd1 Nf5 27. Qf3 b6 28.
Rd2 Ke7 29. Kf1 Rd8 30. Ke1 Rxd2 31. Kxd2 Kf8 32. Qh1 Kg8 33. Bxf5 gxf5 34. Kc2
Qd7 35. Qa8 Kg7 36. e4 Ne7 37. exf5 Nxf5 38. Kb2 Qd3 39. Qxa7 Ne3 40. Qe7 Qc2+
0-1

[Event "Druga liga CS - Zapad 2018"]
[Site "?"]
[Date "2018.09.08"]
[Round "3.3"]
[White "Tomic, Slobodan"]
[Black "Djordjevic, Edita"]
[Result "1-0"]
[WhiteElo "1964"]
[BlackElo "2030"]
[PlyCount "97"]
[EventDate "2018.09.07"]
[WhiteTeam "SMEDEREVSKI SK - Smederevo"]
[BlackTeam "BAJINA BASTA - Bajina basta"]

1. Nf3 Nc6 2. b3 e5 3. Bb2 d6 4. d3 Nf6 5. Nbd2 Bg4 6. e4 Be7 7. Be2 O-O 8. h3
Bh5 9. g4 Bg6 10. Nc4 a6 11. Ne3 Re8 12. O-O Nd7 13. Bc1 Nc5 14. Nd5 Bf8 15.
Be3 Ne6 16. Qd2 f6 17. c4 Ne7 18. Nh4 c6 19. Nxe7+ Bxe7 20. Nf5 d5 21. f3 d4
22. Bf2 Nf4 23. Kh2 Nxe2 24. Qxe2 Bb4 25. Bg3 Bf7 26. f4 Bc3 27. Rab1 exf4 28.
Bxf4 Be6 29. Qg2 c5 30. Kh1 Qd7 31. Rf2 Ba5 32. Rbf1 Bxf5 33. gxf5 Bc7 34. Rg1
Kh8 35. Qg3 Bxf4 36. Qxf4 Rg8 37. h4 Qf7 38. Qf3 Rae8 39. Rb1 g5 40. Rh2 g4 41.
Qg3 h5 42. b4 cxb4 43. Rxb4 Qe7 44. Rbb2 Rb8 45. Rb6 a5 46. Re6 Qf7 47. Rb6 Kg7
48. e5 Rge8 49. Rxf6 1-0

[Event "Druga liga CS - Zapad 2018"]
[Site "?"]
[Date "2018.09.08"]
[Round "3.3"]
[White "Mijatovic, Pavle"]
[Black "Lazovic, Luka"]
[Result "1-0"]
[WhiteElo "2029"]
[BlackElo "1754"]
[PlyCount "59"]
[EventDate "2018.09.07"]
[WhiteTeam "SMEDEREVSKI SK - Smederevo"]
[BlackTeam "BAJINA BASTA - Bajina basta"]

1. e4 c6 2. d4 d5 3. exd5 cxd5 4. Bd3 Nc6 5. Nf3 Bg4 6. Be3 Qb6 7. Nbd2 Nb4 8.
O-O Nxd3 9. cxd3 Qa6 10. Qb3 e6 11. Rac1 Bd6 12. Ne5 Bxe5 13. dxe5 Be2 14. Rfe1
Bxd3 15. Rc3 Bb5 16. Rec1 Bc6 17. Bc5 Ne7 18. Bxe7 Kxe7 19. Qb4+ Ke8 20. Nb3
Qb6 21. Qg4 Kf8 22. Rg3 g6 23. Qf4 Rc8 24. Nc5 Bb5 25. Rgc3 Re8 26. Qf6 Rg8 27.
a4 Bc6 28. Rf3 Rg7 29. Nxe6+ Rxe6 30. Qxe6 1-0

[Event "Druga liga CS - Zapad 2018"]
[Site "?"]
[Date "2018.09.08"]
[Round "3.4"]
[White "Burovic, Ismet"]
[Black "Jovanovic, Miroslav O"]
[Result "0-1"]
[WhiteElo "2332"]
[BlackElo "2096"]
[PlyCount "114"]
[EventDate "2018.09.07"]
[WhiteTeam "TUTIN - Tutin"]
[BlackTeam "ZUPA - Aleksandrovac"]

1. e4 d5 2. exd5 Qxd5 3. Nf3 c6 4. Be2 Bg4 5. O-O Nf6 6. d4 Bxf3 7. Bxf3 Qa5 8.
c4 e6 9. Nc3 Bb4 10. Qb3 O-O 11. a3 Bxc3 12. bxc3 Nbd7 13. Bf4 Qa6 14. Rfb1
Rfc8 15. a4 b6 16. a5 bxa5 17. Qa2 Re8 18. Bc7 Rac8 19. Bxa5 e5 20. Bb4 Qxa2
21. Rxa2 c5 22. dxc5 Nxc5 23. Rxa7 e4 24. Be2 Ne6 25. Bd6 Red8 26. Be5 Rd7 27.
Rxd7 Nxd7 28. Bd6 g6 29. Ra1 h5 30. Kf1 Rc6 31. Rd1 Kg7 32. f3 f5 33. fxe4 fxe4
34. Kf2 Nb6 35. Be5+ Kf7 36. Rd6 Rxd6 37. Bxd6 Kf6 38. h4 Nd7 39. g3 Kf5 40.
Bf1 g5 41. Bh3+ g4 42. Bf1 Ndc5 43. Ke3 Nb7 44. Bb8 Nbc5 45. Bg2 Nd8 46. Bd6
Ndb7 47. Bxc5 Nxc5 48. Kd4 Nb3+ 49. Ke3 Nc5 50. Kd4 Nb3+ 51. Kd5 e3 52. Bf1 Nc1
53. c5 e2 54. Bxe2 Nxe2 55. c4 Kf6 56. Kd6 Nxg3 57. c6 Nf5+ 0-1

[Event "Druga liga CS - Zapad 2018"]
[Site "?"]
[Date "2018.09.08"]
[Round "3.4"]
[White "Jovanovic, Obrad"]
[Black "Ikic, Alija"]
[Result "1/2-1/2"]
[WhiteElo "2077"]
[BlackElo "2160"]
[PlyCount "56"]
[EventDate "2018.09.07"]
[WhiteTeam "ZUPA - Aleksandrovac"]
[BlackTeam "TUTIN - Tutin"]

1. e4 d6 2. Nf3 Nf6 3. d3 c5 4. g3 g6 5. Bg2 Bg7 6. O-O Nc6 7. c3 O-O 8. Re1 e5
9. h3 d5 10. Nbd2 d4 11. c4 Ne8 12. a3 a5 13. Rb1 Qd6 14. g4 Nc7 15. Nf1 Ne6
16. Ng3 Nf4 17. Bf1 h6 18. Bd2 f5 19. exf5 gxf5 20. gxf5 Bxf5 21. Bxf4 exf4 22.
Nxf5 Rxf5 23. Kh2 Raf8 24. Bg2 R5f6 25. Kh1 Qd7 26. Qe2 b6 27. Kh2 Qd6 28. Kh1
Qd7 1/2-1/2

[Event "Druga liga CS - Zapad 2018"]
[Site "?"]
[Date "2018.09.08"]
[Round "3.4"]
[White "Bojovic, Zoran"]
[Black "Rizvanovic, Ibrahim"]
[Result "1/2-1/2"]
[WhiteElo "2087"]
[BlackElo "2147"]
[PlyCount "52"]
[EventDate "2018.09.07"]
[WhiteTeam "ZUPA - Aleksandrovac"]
[BlackTeam "TUTIN - Tutin"]

1. e4 e5 2. Nf3 Nc6 3. d4 exd4 4. Nxd4 Bc5 5. Be3 Qf6 6. c3 Nge7 7. g3 d5 8.
Bg2 dxe4 9. Bxe4 Bxd4 10. cxd4 Bh3 11. Nc3 a6 12. d5 Ne5 13. Bd4 Qd6 14. Qa4+
Bd7 15. Qb3 f5 16. Bg2 O-O 17. O-O Kh8 18. Rae1 N7g6 19. f4 Nf7 20. h4 Rab8 21.
h5 Ne7 22. Qc4 b5 23. Qc5 Rfd8 24. b4 a5 25. Be5 Nxe5 26. fxe5 Qh6 1/2-1/2

[Event "Druga liga CS - Zapad 2018"]
[Site "?"]
[Date "2018.09.08"]
[Round "3.4"]
[White "Jovic, Branko"]
[Black "Djukic, Sasa"]
[Result "0-1"]
[WhiteElo "2031"]
[BlackElo "1993"]
[PlyCount "136"]
[EventDate "2018.09.07"]
[WhiteTeam "TUTIN - Tutin"]
[BlackTeam "ZUPA - Aleksandrovac"]

1. e4 Nf6 2. Nc3 e5 3. Nf3 Nc6 4. Bc4 Nxe4 5. Nxe4 d5 6. Bxd5 Qxd5 7. Nc3 Qd8
8. h3 Bd6 9. d3 O-O 10. O-O h6 11. Re1 Re8 12. Bd2 Bd7 13. Ne4 Bf5 14. Bc3 f6
15. a3 a5 16. Nh4 Qd7 17. Qf3 Ne7 18. g4 Bxe4 19. dxe4 Qb5 20. Kh2 Rad8 21. Nf5
Bc5 22. Rad1 Nxf5 23. Qxf5 Rxd1 24. Rxd1 Bd6 25. Rd3 b6 26. Kg2 Re7 27. Rg3 Qd7
28. Qf3 Qe6 29. Qe2 Kf7 30. Rf3 Rd7 31. Rf5 Ke7 32. Kg3 Bc5 33. h4 Bd4 34. g5
hxg5 35. hxg5 Bxc3 36. bxc3 Qc6 37. Qf3 Rd6 38. gxf6+ gxf6 39. Rh5 Re6 40. Rh7+
Kd8 41. Qf5 Re7 42. Rh8+ Re8 43. Rxe8+ Kxe8 44. Qf3 Ke7 45. Qd3 Qc5 46. c4 c6
47. Kf3 b5 48. cxb5 cxb5 49. Ke2 b4 50. axb4 Qxb4 51. f3 a4 52. Qa6 a3 53. Qa7+
Kf8 54. Qa6 Kg7 55. Qa7+ Kg6 56. Qg1+ Kf7 57. Qa7+ Kg8 58. Qa8+ Kh7 59. Qa7+
Kh6 60. Qa6 Kg6 61. Qe6 Qb5+ 62. Kf2 Qc5+ 63. Kg3 Qg1+ 64. Kh3 Qh1+ 65. Kg3 Qh7
66. Qf5+ Kg7 67. Qd7+ Kh8 68. Qe6 Qg8+ 0-1